000 00748nam a2200229 i 4500
001 68310
003 ES-MaACL
005 20231030202211.0
007 t|
008 040616s2004 sp ||||1| spa d
020 _a84-9742-150-7
080 _a821.134.2(82) Borges, Jorge Luis 1.06
100 1 _aCacho Millet, Gabriel.
_933359
245 1 3 _aEl último Borges /
_cGabriel Cacho Millet.
260 _aMadrid :
_bBiblioteca Nueva,
_c[2004]
300 _a324 p. :
_bil. ;
_c21 cm.
490 1 _aEnsayos (Editorial Biblioteca Nueva
600 1 4 _aBorges, Jorge Luis-
_xCrítica e interpretación.
_930461
830 0 _aEnsayos (Editorial Biblioteca Nueva)
_9183228
852 _aES-MaACL
_jL-27973
_bR.133813
999 _c68310
_d68310